000 00596cam a22002171 4500
001 sa 68011877
003 DLC
005 20260227112605.0
008 890601s1966 io bf 000 0 dut
010 _asa 68011877
035 _a(OCoLC)23423363
040 _aDLC
_cMiU
_dDLC
042 _apremarc
050 0 0 _aNK9503
_b.M3
100 1 _aMarzuki, Jazir.
245 1 0 _aBatik; pola & tjorak.
_bPattern & motif.
260 _a[Djakarta]
_bDjambatan
_c[1966]
300 _a28 p.
_bmap (on lining paper), 111 plates (part col.)
_c31 cm.
650 0 _aBatik
700 1 _aTirtaamidjaja, Nusjirwan.
999 _c84169
_d84169